000
00249nam a2200109Ia 4500
005
20251222113744.0
008
251222s1900||||xx |||||||||||||| ||spa||
082
_a
DVD0070/B78/1996
245
0
_a
Sin LĂmites
264
_b
Film4 Productions
942
_c
DVD
999
_c
733
_d
733